00595nam a22001817a 4500003000900000008004100009040007100050082002700121100002300148245002500171260003300196300002800229505007700257650001400334650002000348650001400368650003100382AR-CdUCM190402b ||||| |||| 00| 0 spa d aMUNICIPALIDAD PROVINCIAL DEL CUSCOcBIBLIOTECA MUNICIPAL DEL CUSCO a848.79 /bB338F / 1943 aBaudelaire, Carlos aLas flores del mal / aLa Plata :bCalomino,c1948. a199 páginas ;c18 cm. aContenido: Spleen e ideal -- Cuadro de la ciudad de Paris -- El vino ... aPoesías aPoeta francés aSiglo XX  aLiteratura Latinoamericana